Dostupnosť finančných zdrojov pre malé a stredné podniky v SR

Malé a stredné podniky sa všeobecne pokladajú za “chrbtovú kosť” všetkých ekonomík, ako i za kľúčový zdroj ekonomického rastu, dynamiky a flexibility. Vzhľadom na túto skutočnosť je v kritických obdobiach dôležité prijímať opatrenia podporujúce ich prežitie a rozvoj. Obligátnym predpokladom realizá...

ver descrição completa

Na minha lista:
Detalhes bibliográficos
Autor principal: Belanová, Katarína, 1978-
Formato: Capítulo de Livro
Idioma:eslovaco
Assuntos:
Tags: Adicionar Tag
Sem tags, seja o primeiro a adicionar uma tag!

MARC

LEADER 00000nla a2200000 4500
001 0201868
005 20240502073412.5
041 0 |a slo 
044 |a SK 
245 1 0 |a Dostupnosť finančných zdrojov pre malé a stredné podniky v SR  |c Katarína Belanová 
520 |a Malé a stredné podniky sa všeobecne pokladajú za “chrbtovú kosť” všetkých ekonomík, ako i za kľúčový zdroj ekonomického rastu, dynamiky a flexibility. Vzhľadom na túto skutočnosť je v kritických obdobiach dôležité prijímať opatrenia podporujúce ich prežitie a rozvoj. Obligátnym predpokladom realizácie takýchto opatrení je pružné získavanie potrebných finančných zdrojov. Charakteristika špecifických čŕt financovania tohto segmentu podnikateľskej sféry a prezentácia výsledkov prieskumov zaoberajúcich sa dostupnosťou a využívaním finančných zdrojov malých a stredných podnikov v SR. Návrh na zlepšenie financovania MSP v SR. 
610 2 0 |a prostredie podnikateľské 
610 2 0 |a podnik malý 
610 2 0 |a podnik stredný 
610 2 0 |a financovanie podnikov 
610 2 0 |a zdroje finančné cudzie 
610 2 0 |a zdroje finančné 
610 2 0 |a zdroje finančné vlastné 
100 1 |a Belanová, Katarína, 1978-